Chemistry and cur World

Saved in:
Bibliographic Details
Main Author: Gebelein, Charles G (Author)
Format: Book
Language:English
Published: Dubugue : WCB/McGraw-Hill, 1997
Subjects:
Tags: Add Tag
No Tags, Be the first to tag this record!

MARC

LEADER 00000nam a22000003a 4500
001 stu55136
005 20150617225659.9
008 001004s1997----xxu-----------------eng-d
020 |a 0-697-16574-4 
040 |a STU  |b slo 
041 0 |a eng 
044 |a xxu 
080 |a 54 
100 1 |a Gebelein, Charles G  |4 aut 
245 1 |a Chemistry and cur World 
260 |a Dubugue :  |b WCB/McGraw-Hill,  |c 1997 
300 |a 609 s 
650 7 |a chémia  |2 stusub 
996 |b 284M028479  |c M*10539-1  |l MMKN  |s A  |a 24  |w stu55136_0001